000 00304nam a22001337a 4500
008 181003b xxu||||| |||| 00| 0 eng d
020 _a0816015406
041 _aeng
080 _a940
100 _a17
101 _aHIS
245 _aThe courts of the Italian renaissance
_cBertelli,S
942 _2udc
_cBK
999 _c48798
_d48798